| 000 | 00667cam a2200229ua 4500 | ||
|---|---|---|---|
| 001 | 11777 | ||
| 005 | 20260515114810.0 | ||
| 008 | 191105n ii |||gr||||Z||||||eng | ||
| 020 | _a9788131104071 | ||
| 040 | _cMAIN | ||
| 082 | _a954.03 | ||
| 100 |
_aS.Ram . , _eAuthor. |
||
| 245 |
_aEncyclopaedic history of medieval India : _bhistory and culture in Medieval India / _cBy S.Ram . |
||
| 250 |
_a1st ed / _bVol.6. |
||
| 260 |
_aNew Delhi: _bCommonwealth, _c2012. |
||
| 300 | _a339p. | ||
| 653 | _aSouth Asia India | ||
| 653 | _aEncyclopaedia ofIndian Histoy | ||
| 653 | _aEncyclopaedia of Indian History | ||
| 700 |
_aShiv Gajrani, _eAuthor. |
||
| 942 | _cBK | ||
| 999 |
_c10560 _d10560 |
||